[Event "Muensterland Regionalliga 1415"]
[Site "Germany"]
[Date "2015.02.21"]
[Round "6.4"]
[White "Mueller, Achim"]
[Black "Ollech, Dirk"]
[Result "1/2-1/2"]
[WhiteElo "2044"]
[BlackElo "1914"]
[PlyCount "38"]
[EventDate "2014.09.20"]
[EventType "team-tourn"]
[EventRounds "9"]
[EventCountry "GER"]
[SourceTitle "EXT 2016"]
[Source "ChessBase"]
[SourceDate "2015.10.08"]
[SourceVersion "1"]
[SourceVersionDate "2015.10.08"]
[SourceQuality "1"]
[WhiteTeam "Emsdetten Rochade"]
[BlackTeam "Muenster III"]
[WhiteTeamCountry "GER"]
[BlackTeamCountry "GER"]

1. e4 c5 2. d4 cxd4 3. c3 dxc3 4. Nxc3 d6 5. Bc4 Nc6 6. Nf3 a6 7. 0-0 Nf6 8. Bf4 Bg4 9. h3 Bxf3 10. Qxf3 e6 11. Rfd1 Qb8 12. Be2 Ne5 13. Bxe5 dxe5 14. Qg3 g6 15. Qe3 b5 16. Rac1 Be7 17. Qh6 Bf8 18. Qe3 Be7 19. Qh6 Bf8 1/2-1/2

[Event "NRW Class1 1213"]
[Site "Germany"]
[Date "2012.12.16"]
[Round "4.7"]
[White "Ollech, Dirk"]
[Black "Jaeger, Martin"]
[Result "1/2-1/2"]
[WhiteElo "1942"]
[BlackElo "2065"]
[PlyCount "57"]
[EventDate "2012.09.16"]
[EventType "team-tourn"]
[EventRounds "9"]
[EventCountry "GER"]
[SourceTitle "EXT 2017"]
[Source "ChessBase"]
[SourceDate "2016.10.25"]
[SourceVersion "1"]
[SourceVersionDate "2016.10.25"]
[SourceQuality "1"]
[WhiteTeam "Muenster II"]
[BlackTeam "Dinslaken"]
[WhiteTeamCountry "GER"]
[BlackTeamCountry "GER"]

1. c4 e6 2. g3 d5 3. Bg2 Nf6 4. Nf3 Be7 5. 0-0 0-0 6. b3 Nbd7 7. Bb2 c6 8. d3 b6 9. Nbd2 Bb7 10. e4 dxe4 11. dxe4 Nc5 12. Qe2 Qd3 13. Qxd3 Nxd3 14. Bc3 Rfd8 15. h3 Rac8 16. e5 Nd7 17. Rad1 N7c5 18. h4 h6 19. Nh2 a5 20. Ng4 Nb4 21. Bxb4 axb4 22. Ne4 Nxe4 23. Bxe4 Rxd1 24. Rxd1 Rc7 25. h5 Kf8 26. f4 Bc8 27. Ne3 Bc5 28. Kf2 Ke7 29. Kf3 1/2-1/2

[Event "Werther Schloss op-B 14th"]
[Site "Werther"]
[Date "2008.03.15"]
[Round "3"]
[White "Ollech, Dirk"]
[Black "Zart, Ruediger"]
[Result "0-1"]
[WhiteElo "1961"]
[BlackElo "2103"]
[PlyCount "112"]
[EventDate "2008.03.14"]
[EventType "swiss"]
[EventRounds "5"]
[EventCountry "GER"]
[SourceTitle "EXT 2010"]
[Source "ChessBase"]
[SourceDate "2010.11.25"]
[SourceVersion "1"]
[SourceVersionDate "2010.11.25"]
[SourceQuality "1"]

1. e4 c5 2. c3 d5 3. exd5 Qxd5 4. d4 Nf6 5. Nf3 e6 6. Na3 a6 7. Nc2 Be7 8. Ne3 Qd8 9. Be2 0-0 10. 0-0 Nc6 11. a3 Qc7 12. b4 cxd4 13. cxd4 Rd8 14. Bb2 b5 15. Qb3 Bb7 16. Rac1 Qb6 17. Rfd1 Bf8 18. Nc2 Ne7 19. Ne5 Rac8 20. Bf3 Nf5 21. Bxb7 Qxb7 22. Qf3 Qxf3 23. Nxf3 Nd5 24. Na1 Ra8 25. Ne5 Nfe7 26. Nb3 f6 27. Nc6 Rdc8 28. Nca5 Kf7 29. Kf1 g6 30. Rxc8 Rxc8 31. Rc1 Bh6 32. Rxc8 Nxc8 33. Nc6 Nc7 34. Nc5 Nb6 35. Nb8 Nc4 36. Bc3 Nd5 37. Be1 Bc1 38. Nbxa6 Bxa3 39. Nd3 Bb2 40. Nxb2 Nxb2 41. g3 Nc4 42. Ke2 Nd6 43. f3 Ke7 44. Nc5 Nf5 45. Kd3 Kd6 46. Bd2 Nfe7 47. Ke2 Nc6 48. Ne4+ Ke7 49. Kd3 Ncxb4+ 50. Bxb4+ Nxb4+ 51. Kc3 Nd5+ 52. Kb3 f5 53. Nc5 Ne3 54. h3 Nf1 55. g4 Nd2+ 56. Kb4 Nxf3 0-1

[Event "Muensterland Verbandsklasse-B 0708"]
[Site "Germany"]
[Date "2008.03.08"]
[Round "7.8"]
[White "Temmen, Norbert"]
[Black "Ollech, Dirk"]
[Result "0-1"]
[WhiteElo "1663"]
[BlackElo "1857"]
[PlyCount "90"]
[EventDate "2007.09.15"]
[EventType "team"]
[EventRounds "9"]
[EventCountry "GER"]
[SourceTitle "EXT 2009"]
[Source "ChessBase"]
[SourceDate "2008.11.26"]
[SourceVersion "1"]
[SourceVersionDate "2008.11.26"]
[SourceQuality "1"]
[WhiteTeam "Nienberge"]
[BlackTeam "Muenster Indische Dame"]
[WhiteTeamCountry "GER"]
[BlackTeamCountry "GER"]

1. c4 Nf6 2. Nc3 c5 3. Nf3 Nc6 4. g3 e6 5. Bg2 Be7 6. 0-0 0-0 7. b3 a6 8. Bb2 Qc7 9. e3 Rb8 10. Qe2 d6 11. Rfd1 Bd7 12. d4 cxd4 13. Nxd4 Nxd4 14. Rxd4 b5 15. Rad1 Rfc8 16. cxb5 axb5 17. Rc1 Qa5 18. b4 Qa7 19. a3 d5 20. Bf1 Qb6 21. Rd2 Bc6 22. Rdc2 Bd7 23. Bg2 h5 24. Qd3 Ng4 25. Ne2 Bf6 26. Nd4 Ne5 27. Rxc8+ Bxc8 28. Qb3 Nc4 29. Ba1 Bd7 30. Bf1 Ra8 31. Bxc4 dxc4 32. Qc3 e5 33. Nf3 Qb7 34. Nxe5 Bh3 35. f3 Re8 36. Qd2 Bxe5 37. Bxe5 Rxe5 38. Qd8+ Kh7 39. Qh4 Be6 40. f4 Rd5 41. e4 Rd2 42. Qxh5+ Kg8 43. Rd1 c3 44. Rxd2 cxd2 45. Qd1 Qd7 0-1

[Event "Werther Schloss op-B 12th"]
[Site "Werther"]
[Date "2006.04.07"]
[Round "1"]
[White "Gudath, Reiner"]
[Black "Ollech, Dirk"]
[Result "1-0"]
[WhiteElo "2029"]
[BlackElo "1878"]
[PlyCount "83"]
[EventDate "2006.04.07"]
[EventType "swiss"]
[EventRounds "5"]
[EventCountry "GER"]
[SourceTitle "EXT 2008"]
[Source "ChessBase"]
[SourceDate "2007.11.25"]
[SourceVersion "1"]
[SourceVersionDate "2007.11.25"]
[SourceQuality "1"]

1. c4 Nf6 2. Nc3 g6 3. g3 Bg7 4. Bg2 0-0 5. Nf3 c6 6. e4 d5 7. cxd5 cxd5 8. e5 Ne4 9. d4 Nc6 10. Qb3 Nxc3 11. Qxc3 Bf5 12. 0-0 Rc8 13. Qa3 a5 14. Bd2 Be4 15. Bc3 b5 16. b4 axb4 17. Bxb4 Ra8 18. Qc3 Nxb4 19. Qxb4 Qd7 20. Rfc1 Bh6 21. Rc5 Rfb8 22. Nd2 Ra4 23. Qb2 Bxg2 24. Kxg2 Qg4 25. Nb3 Rc4 26. f3 Qf5 27. Re1 Qd3 28. Re2 Be3 29. Rxd5 Rbc8 30. Rc5 Bxd4 31. Rxc8+ Rxc8 32. Nxd4 Rc4 33. Nb3 Rc3 34. Rf2 b4 35. Qd2 Qb1 36. Qd8+ Kg7 37. Qxe7 Re3 38. Qf6+ Kg8 39. Rd2 Rd3 40. e6 fxe6 41. Qxe6+ Kf8 42. Re2 1-0

[Event "Werther Schloss op-B 8th"]
[Site "Werther"]
[Date "2002.03.24"]
[Round "4"]
[White "Fenner, Martin"]
[Black "Ollech, Dirk"]
[Result "1/2-1/2"]
[WhiteElo "1861"]
[BlackElo "1831"]
[PlyCount "58"]
[EventDate "2002.03.22"]
[EventType "swiss"]
[EventRounds "5"]
[EventCountry "GER"]
[SourceTitle "EXT 2006"]
[Source "ChessBase"]
[SourceDate "2005.11.24"]
[SourceVersion "1"]
[SourceVersionDate "2005.11.24"]
[SourceQuality "1"]

1. e4 c6 2. Nc3 d5 3. Nf3 Bg4 4. h3 Bh5 5. d4 dxe4 6. Nxe4 Nd7 7. g4 Bg6 8. Ng3 e6 9. h4 h5 10. gxh5 Bxh5 11. Nxh5 Rxh5 12. Ng5 Ngf6 13. Qd3 Qe7 14. Be2 Rh8 15. Be3 Nd5 16. 0-0-0 0-0-0 17. c4 Nxe3 18. fxe3 f6 19. Ne4 f5 20. Ng5 Nf6 21. Kb1 g6 22. Bf3 Bh6 23. Rdg1 e5 24. Qc3 exd4 25. exd4 Bxg5 26. Rxg5 Ne4 27. Qe3 Rde8 28. Bxe4 Qxe4+ 29. Qxe4 Rxe4 1/2-1/2

[Event "Werther Schloss op-B 8th"]
[Site "Werther"]
[Date "2002.03.23"]
[Round "3"]
[White "Schroeder, Juergen"]
[Black "Ollech, Dirk"]
[Result "0-1"]
[WhiteElo "1943"]
[BlackElo "1831"]
[PlyCount "50"]
[EventDate "2002.03.22"]
[EventType "swiss"]
[EventRounds "5"]
[EventCountry "GER"]
[SourceTitle "EXT 2006"]
[Source "ChessBase"]
[SourceDate "2005.11.24"]
[SourceVersion "1"]
[SourceVersionDate "2005.11.24"]
[SourceQuality "1"]

1. e4 c6 2. d3 d5 3. Nd2 e5 4. Ngf3 Bd6 5. g3 Nf6 6. Bg2 0-0 7. 0-0 Bg4 8. h3 Bxf3 9. Bxf3 Nbd7 10. Re1 Re8 11. Nf1 dxe4 12. dxe4 Bc5 13. Ne3 g6 14. Qe2 Qc7 15. g4 h6 16. h4 Nh7 17. Nf1 Bf8 18. Be3 Nc5 19. Ng3 Ne6 20. c3 Rad8 21. h5 g5 22. Nf5 Nf4 23. Bxf4 gxf4 24. Qc4 Ng5 25. Qe2 Rd2 0-1